Llamiyk'allpi

Salvato in:
Dettagli Bibliografici
Autori principali: Vilca, Federico (Autore), Carretta Casap, Nelda Amalia (Autore)
Natura: Libro
Lingua:spagnolo
Pubblicazione: San Salvador de Jujuy Univerdidad Nacional de Jujuy 1997
Soggetti:
Tags: Aggiungi Tag
Nessun Tag, puoi essere il primo ad aggiungerne!!

MARC

LEADER 00000nam a2200000 a 4500
001 UCN8798
003 CL-VaPUC
008 011116e19970000AG |||||||||||||||||spa|d
082 0 4 |a 498.323  |b VIL  |2 21 
100 0 |a Vilca, Federico  |e author  |9 465296 
700 0 |a Carretta Casap, Nelda Amalia  |e author  |9 465297 
245 1 0 |a Llamiyk'allpi 
300 |a 85 p 
942 |c BK 
945 |d 20011116 00:00:00  |a crobeson 
260 |a San Salvador de Jujuy  |b Univerdidad Nacional de Jujuy  |c 1997 
650 7 |a QUECHUA - LINGUISTICA  |2 CL-VaPUC  |9 465298 
650 7 |a QUECHUA - SOCIOLINGUISTICA  |2 CL-VaPUC  |9 465299 
650 7 |a QUECHUA - ETNOLINGUISTICA  |2 CL-VaPUC  |9 465300 
583 |a last modification  |c 20011116 00:00:00  |k Rodrigo Vera 
999 |c 298547  |d 298545 
952 |0 0  |1 0  |4 0  |6 498_323000000000000_VIL_1997  |7 0  |8 X  |9 354175  |a FDOMLP  |b FDOMLP  |d 2019-11-21  |i 3752666  |o 498.323 VIL 1997  |p 3752666  |r 2019-11-21  |w 2019-11-21  |y BK_X  |k BU2